00511 2200193 4500001002100000005001500021035002000036008004100056245007900097100001800176250000600194260004600200300001100246084001400257082000800271650001400279990001200293990001200305INLIS00000000000035320240503082750 a0010-0424000329240503 0 ind 1 aWaspada Daging Glonggong, Ayam Tiren Dan Residu Antibiotik /cYuny Erwanto aErwanto, Yuny a1 aYogyakarta :bPT. Citra Aji Parama,c2010 a74 hlm a600 YUN w a600 4aNon Fiksi a0728692 a0728693